00716nam a2200181 i 450000100060000000300090000600500170001500700030003200800410003510000300007624501490010626000450025530000220030070000410032285200320036399900170039595201220041298258ES-MaACL20230906182239.0t|050727s1970 sp ||||1| spa d1 aMartelet, Gustave.97716413aLa existencia humana y el amor b: para comprender mejor la encíclica "Humanae Vitae" / cGustave Martelet; [traducción por Luis Cuéllar]. aBilbao : bDesclée de Brouwer, c1970. a184 p. ; c19 cm.1 aCuèllar i Bassols, Lluís.941982 aES-MaACLjC-48117 bR.76638 c98258d98258 00104070aATENEOMbATENEOMcDEPO2d2008-01-17eSCl0oC-48117p1102575r2023-02-23 00:00:00w2023-02-23yMONOGRAFIA